000 00456nam a2200169 4500
001 121889
003 ES-MaACL
005 20250725063209.0
007 t|
008 070214s1961 sp r ||||1| spa d
100 0 _aPlutarco
_992678
245 1 0 _aVidas paralelas /
_cPlutarco.
_n, . Tomo II.
260 _aMéxico :
_bEd. Nacional,
_c1961.
300 _a473 p. ;
_c17 cm.
852 _aES-MaACL
_jE-10111
_bR.94394
999 _c121889
_d121889